Statistics for New Zealand Rugby All Blacks - Tryscorers in World Cup Playoff Games

Click here to take the quiz!

General Stats

  • This quiz has been taken 134 times
    (8 since last reset)
  • The average score is 26 of 52

Answer Stats

Year Opponent Number of Tries Player % Correct
2019England1Ardie Savea
100%
1999France2Jonah Lomu
100%
1995Scotland1Jonah Lomu
100%
2015France3Julian Savea
100%
1995England4Jonah Lomu
100%
2019Ireland1Jordie Barrett
80%
2019Ireland2Aaron Smith
80%
2015Australia1Beauden Barrett
80%
2015South Africa1Beauden Barrett
80%
2015France1Brodie Retallick
60%
2015France1Jerome Kaino
60%
2015South Africa1Jerome Kaino
60%
2015France1Kieran Read
60%
2015Australia1Ma'a Nonu
60%
2011Australia1Ma'a Nonu
60%
2011Argentina1Brad Thorn
60%
2011Argentina1Kieran Read
60%
2007France1Luke McAlister
60%
2003Australia1Reuben Thorne
60%
1999France1Jeff Wilson
60%
2011France1Tony Woodcock
60%
2003South Africa1Joe Rokocoko
60%
1987France1David Kirk
60%
1995Scotland1Andrew Mehrtens
60%
1991Canada1Zinzan Brooke
60%
1995England1Graeme Bachop
40%
1995England1Josh Kronfeld
40%
1987Wales2John Kirwan
40%
2019Ireland1George Bridge
40%
1987Wales2Wayne Shelford
40%
1987Wales1Mark Brooke-Cowden
40%
2015Australia1Nehe Milner-Skudder
40%
1987Wales1Joe Stanley
40%
1987Wales1Alan Whetton
40%
1987France1Michael Jones
40%
2015France1Nehe Milner-Skudder
40%
2015France2Tawera Kerr-Barlow
40%
1987France1John Kirwan
40%
1991Canada2John Timu
40%
1991Canada1John Kirwan
40%
2007France1Rodney So'oialo
40%
1987Scotland1Alan Whetton
40%
1995Scotland1Sean Fitzpatrick
40%
1987Scotland1John Gallagher
40%
2003South Africa1Leon MacDonald
20%
1987Wales1John Drake
20%
2003South Africa1Keven Mealamu
20%
2019Ireland1Codie Taylor
20%
1991Canada1Bernie McCahill
0%
1995Scotland2Walter Little
0%
1995Scotland1Frank Bunce
0%
2019Ireland1Matt Todd
0%

Score Distribution

Percentile by Number Answered

Percent of People with Each Score

Your Score History

You have not taken this quiz since the last reset